Elementos da tabela períodica em ordem alfabética - Statistics

Estatísticas Gerais
  • Esse quiz foi jogado 23 vezes
  • A pontuação média é 74 de 118
Estatísticas das Respostas
Letra Elemento % Correto
C Cálcio
87%
C Carbono
87%
A Alumínio
80%
A Amerício
80%
B Berílio
80%
B Boro
80%
F Flúor
80%
G Gálio
80%
H Hélio
80%
H Hidrogênio
80%
I Iodo
80%
P Prata
80%
A Argônio
73%
B Bário
73%
C Césio
73%
D Dúbnio
73%
E Enxofre
73%
E Estanho
73%
G Germânio
73%
Í Índio
73%
L Lítio
73%
M Magnésio
73%
M Manganês
73%
O Ouro
73%
P Platina
73%
P Potássio
73%
R Rádio
73%
S Silício
73%
U Urânio
73%
X Xenônio
73%
Z Zinco
73%
B Bismuto
67%
B Bóhrio
67%
B Bromo
67%
C Cádmio
67%
C Califórnio
67%
C Cloro
67%
C Cobalto
67%
C Cobre
67%
E Escândio
67%
F Ferro
67%
F Fósforo
67%
F Frâncio
67%
Í Ítrio
67%
M Mendelévio
67%
N Neônio
67%
N Níquel
67%
Ó Ósmio
67%
O Oxigênio
67%
P Paládio
67%
P Polônio
67%
R Radônio
67%
R Ródio
67%
R Rutênio
67%
T Titânio
67%
A Actínio
60%
A Antimônio
60%
A Arsênio
60%
B Berquélio
60%
C Cério
60%
C Chumbo
60%
C Crômio
60%
C Cúrio
60%
E Einstênio
60%
É Érbio
60%
E Estrôncio
60%
F Férmio
60%
G Gadolínio
60%
H Háfnio
60%
H Hólmio
60%
I Irídio
60%
I Itérbio
60%
L Lantânio
60%
L Laurêncio
60%
M Molibdênio
60%
M Moscóvio
60%
N Neodímio
60%
N Nióbio
60%
N NItrogênio
60%
P Plutônio
60%
P Promécio
60%
P Protactínio
60%
R Rênio
60%
R Rutherfórdio
60%
S Sódio
60%
T Tálio
60%
T Telúrio
60%
V Vanádio
60%
Z Zircônio
60%
Á Ástato
53%
C Criptônio
53%
E Európio
53%
L Livermório
53%
L Lutécio
53%
M Mercúrio
53%
N Nobélio
53%
P Praseodímio
53%
R Rubídio
53%
S Samário
53%
S Selênio
53%
T Tenesso
53%
T Túlio
53%
T Tungstênio
53%
C Copernício
47%
D Darmstácio
47%
H Hássio
47%
N Netúnio
47%
O Oganessônio
47%
S Seabórgio
47%
T Tântalo
47%
T Térbio
47%
D Disprósio
40%
M Meitnério
40%
N Nihônio
40%
R Roentgênio
40%
T Tecnécio
40%
T Tório
33%
F Flevório
20%
Nenhum quiz correspondente encontrado
Distribuição das Pontuações
Porcentagem de Pessoas com Cada Pontuação
Percentil de Números Respondidos
Sua Pontuação Histórica
Você não jogou esse quiz